[Event "Deutscher Mix-Teampokal U12 2025"]
[Site "Bad Homburg GER"]
[Date "2025.07.19"]
[Round "3"]
[White "Rudnizki, Valentin"]
[Black "Liu, Jonas"]
[Result "0-1"]
[Termination "normal"]
[Board "2.1"]
[WhiteElo "1545"]
[BlackElo "1723"]
[WhiteClock "00:01:33"]
[BlackClock "00:05:20"]
[WhiteTeam "Düsseldorfer SK 14/25"]
[BlackTeam "SV Oberursel"]
[PlyCount "130"]
[WhiteFideId "34673369"]
[BlackFideId "34660941"]
[EventCountry "GER"]
[EventRounds "5"]
[EventType "team-swiss"]
[EventDate "2025.07.18"]

1. e4 {[%clk 00:55:03]} {[%emt 00:00:06]} c5 {[%clk 00:55:00]} {[%emt
00:00:11]} 2. Nf3 {[%clk 00:55:01]} {[%emt 00:00:07]} Nc6 {[%clk 00:54:53]}
{[%emt 00:00:12]} 3. d4 {[%clk 00:54:43]} {[%emt 00:00:23]} cxd4 {[%clk
00:54:50]} {[%emt 00:00:09]} 4. Nxd4 {[%clk 00:54:41]} {[%emt 00:00:07]} d6
{[%clk 00:54:47]} {[%emt 00:00:08]} 5. Bc4 {[%clk 00:54:30]} {[%emt 00:00:15]}
Nf6 {[%clk 00:54:39]} {[%emt 00:00:14]} 6. Nc3 {[%clk 00:54:03]} {[%emt
00:00:32]} e5 {[%clk 00:53:55]} {[%emt 00:00:49]} 7. Nb3 {[%clk 00:53:32]}
{[%emt 00:00:28]} Be7 {[%clk 00:53:16]} {[%emt 00:00:51]} 8. O-O {[%clk
00:52:56]} {[%emt 00:00:40]} O-O {[%clk 00:53:00]} {[%emt 00:00:22]} 9. h3
{[%clk 00:52:34]} {[%emt 00:00:28]} Be6 {[%clk 00:51:20]} {[%emt 00:01:44]} 10.
Nd5 {[%clk 00:52:10]} {[%emt 00:00:30]} Nxe4 {[%clk 00:50:07]} {[%emt
00:01:18]} 11. Nxe7+ {[%clk 00:46:13]} {[%emt 00:06:02]} Qxe7 {[%clk 00:49:29]}
{[%emt 00:00:44]} 12. Bd3 {[%clk 00:45:59]} {[%emt 00:00:11]} Nf6 {[%clk
00:49:22]} {[%emt 00:00:18]} 13. f4 {[%clk 00:45:48]} {[%emt 00:00:13]} e4
{[%clk 00:49:13]} {[%emt 00:00:18]} 14. Be2 {[%clk 00:45:26]} {[%emt 00:00:19]}
Rad8 {[%clk 00:46:57]} {[%emt 00:02:30]} 15. f5 {[%clk 00:45:08]} {[%emt
00:00:24]} Bc8 {[%clk 00:46:55]} {[%emt 00:00:05]} 16. Bg5 {[%clk 00:44:32]}
{[%emt 00:00:37]} d5 {[%clk 00:44:39]} {[%emt 00:02:25]} 17. c3 {[%clk
00:43:41]} {[%emt 00:00:54]} h6 {[%clk 00:43:08]} {[%emt 00:01:39]} 18. Bh4
{[%clk 00:43:32]} {[%emt 00:00:14]} Qe5 {[%clk 00:39:09]} {[%emt 00:04:03]} 19.
Nd4 {[%clk 00:39:21]} {[%emt 00:04:13]} Ne7 {[%clk 00:37:17]} {[%emt 00:01:59]}
20. g4 {[%clk 00:36:34]} {[%emt 00:02:52]} Kh8 {[%clk 00:34:06]} {[%emt
00:03:16]} 21. Kg2 {[%clk 00:36:28]} {[%emt 00:00:12]} Qc7 {[%clk 00:31:03]}
{[%emt 00:03:07]} 22. Qd2 {[%clk 00:35:27]} {[%emt 00:01:05]} Neg8 {[%clk
00:28:11]} {[%emt 00:02:58]} 23. Rad1 {[%clk 00:32:21]} {[%emt 00:03:09]} a6
{[%clk 00:25:48]} {[%emt 00:02:29]} 24. g5 {[%clk 00:29:04]} {[%emt 00:03:23]}
hxg5 {[%clk 00:23:04]} {[%emt 00:02:49]} 25. Qxg5 {[%clk 00:28:55]} {[%emt
00:00:14]} Nh7 {[%clk 00:22:57]} {[%emt 00:00:12]} 26. Qh5 {[%clk 00:25:51]}
{[%emt 00:03:04]} Ngf6 {[%clk 00:22:45]} {[%emt 00:00:22]} 27. Bxf6 {[%clk
00:25:26]} {[%emt 00:00:29]} gxf6 {[%clk 00:22:46]} {[%emt 00:00:04]} 28. Kh1
{[%clk 00:23:54]} {[%emt 00:01:36]} Rg8 {[%clk 00:21:56]} {[%emt 00:00:57]} 29.
Qh6 {[%clk 00:17:08]} {[%emt 00:06:42]} Rg7 {[%clk 00:18:39]} {[%emt 00:03:31]}
30. Rg1 {[%clk 00:14:27]} {[%emt 00:02:44]} Rdg8 {[%clk 00:18:19]} {[%emt
00:00:27]} 31. Qh4 {[%clk 00:13:49]} {[%emt 00:00:41]} Rxg1+ {[%clk 00:17:04]}
{[%emt 00:01:23]} 32. Rxg1 {[%clk 00:13:43]} {[%emt 00:00:10]} Rxg1+ {[%clk
00:17:01]} {[%emt 00:00:07]} 33. Kxg1 {[%clk 00:13:43]} {[%emt 00:00:06]} Qe5
{[%clk 00:16:24]} {[%emt 00:00:42]} 34. Qg4 {[%clk 00:12:37]} {[%emt 00:01:06]}
Qe8 {[%clk 00:13:36]} {[%emt 00:02:58]} 35. Kf1 {[%clk 00:08:51]} {[%emt
00:03:49]} Qg8 {[%clk 00:13:28]} {[%emt 00:00:14]} 36. Qxg8+ {[%clk 00:08:18]}
{[%emt 00:00:37]} Kxg8 {[%clk 00:12:59]} {[%emt 00:00:36]} 37. h4 {[%clk
00:08:05]} {[%emt 00:00:17]} Nf8 {[%clk 00:12:27]} {[%emt 00:00:36]} 38. Bd1
{[%clk 00:07:56]} {[%emt 00:00:08]} Nd7 {[%clk 00:12:10]} {[%emt 00:00:29]} 39.
Bb3 {[%clk 00:07:45]} {[%emt 00:00:16]} Nb6 {[%clk 00:11:37]} {[%emt 00:00:37]}
40. Kf2 {[%clk 00:07:20]} {[%emt 00:00:31]} Kg7 {[%clk 00:10:48]} {[%emt
00:00:54]} 41. a4 {[%clk 00:06:41]} {[%emt 00:00:44]} a5 {[%clk 00:08:26]}
{[%emt 00:02:27]} 42. Kg3 {[%clk 00:06:05]} {[%emt 00:00:39]} Bd7 {[%clk
00:07:47]} {[%emt 00:00:46]} 43. Kf4 {[%clk 00:04:31]} {[%emt 00:01:38]} Bxa4
{[%clk 00:07:05]} {[%emt 00:00:48]} 44. Ba2 {[%clk 00:03:01]} {[%emt 00:01:35]}
Bc6 {[%clk 00:04:40]} {[%emt 00:02:30]} 45. Ne2 {[%clk 00:02:38]} {[%emt
00:00:26]} Na4 {[%clk 00:04:24]} {[%emt 00:00:22]} 46. b4 {[%clk 00:02:21]}
{[%emt 00:00:21]} axb4 {[%clk 00:04:13]} {[%emt 00:00:16]} 47. cxb4 {[%clk
00:02:20]} {[%emt 00:00:06]} Nb2 {[%clk 00:03:39]} {[%emt 00:00:40]} 48. Kg4
{[%clk 00:01:35]} {[%emt 00:00:50]} Nd3 {[%clk 00:03:37]} {[%emt 00:00:06]} 49.
Bb1 {[%clk 00:00:58]} {[%emt 00:00:42]} Nxb4 {[%clk 00:03:32]} {[%emt
00:00:10]} 50. Ng3 {[%clk 00:01:02]} e3 {[%clk 00:03:28]} {[%emt 00:00:09]} 51.
Kf3 {[%clk 00:01:01]} {[%emt 00:00:06]} d4+ {[%clk 00:03:31]} {[%emt 00:00:02]}
52. Ke2 {[%clk 00:01:05]} {[%emt 00:00:01]} Bb5+ {[%clk 00:03:29]} {[%emt
00:00:07]} 53. Ke1 {[%clk 00:01:08]} {[%emt 00:00:02]} d3 {[%clk 00:03:30]}
{[%emt 00:00:05]} 54. Nh5+ {[%clk 00:01:10]} {[%emt 00:00:04]} Kh6 {[%clk
00:03:30]} {[%emt 00:00:04]} 55. Nxf6 {[%clk 00:01:13]} {[%emt 00:00:02]} d2+
{[%clk 00:03:33]} {[%emt 00:00:02]} 56. Kd1 {[%clk 00:01:16]} {[%emt 00:00:02]}
Ba4+ {[%clk 00:03:35]} {[%emt 00:00:02]} 57. Ke2 {[%clk 00:01:18]} {[%emt
00:00:04]} d1=Q+ {[%clk 00:03:35]} {[%emt 00:00:05]} 58. Kxe3 {[%clk 00:01:21]}
{[%emt 00:00:02]} Qxb1 {[%clk 00:03:32]} {[%emt 00:00:09]} 59. Ng4+ {[%clk
00:01:18]} {[%emt 00:00:08]} Kh5 {[%clk 00:03:28]} {[%emt 00:00:08]} 60. Nf6+
{[%clk 00:01:22]} {[%emt 00:00:01]} Kxh4 {[%clk 00:03:32]} {[%emt 00:00:01]}
61. Ne4 {[%clk 00:01:25]} {[%emt 00:00:02]} Nd5+ {[%clk 00:03:32]} {[%emt
00:00:05]} 62. Kf3 {[%clk 00:01:28]} {[%emt 00:00:46]} Bd1+ {[%clk 00:05:23]}
{[%emt 00:00:11]} 63. Kf2 {[%clk 00:01:31]} {[%emt 00:00:03]} Qxe4 {[%clk
00:05:25]} {[%emt 00:00:03]} 64. f6 {[%clk 00:01:31]} {[%emt 00:00:04]} Qe2+
{[%clk 00:05:20]} {[%emt 00:00:10]} 65. Kg1 {[%clk 00:01:33]} {[%emt 00:00:03]}
Ne3 {[%clk 00:05:20]} {[%emt 00:00:05]} 0-1

[Event "Deutscher Mix-Teampokal U12 2025"]
[Site "Bad Homburg GER"]
[Date "2025.07.19"]
[Round "3"]
[White "Huang, Flora Yueya"]
[Black "Estrin, Boris"]
[Result "1-0"]
[Termination "normal"]
[Board "2.2"]
[WhiteElo "1747"]
[BlackElo "1822"]
[WhiteClock "00:19:09"]
[BlackClock "00:24:49"]
[WhiteTeam "SV Oberursel"]
[BlackTeam "Düsseldorfer SK 14/25"]
[PlyCount "73"]
[WhiteFideId "533015651"]
[BlackFideId "34649859"]
[EventCountry "GER"]
[EventRounds "5"]
[EventType "team-swiss"]
[EventDate "2025.07.18"]

1. d4 {[%clk 00:55:08]} {[%emt 00:00:02]} d5 {[%clk 00:55:06]} {[%emt
00:00:04]} 2. c4 {[%clk 00:55:10]} {[%emt 00:00:04]} c6 {[%clk 00:55:07]}
{[%emt 00:00:03]} 3. Nf3 {[%clk 00:55:07]} {[%emt 00:00:07]} Bf5 {[%clk
00:55:08]} {[%emt 00:00:05]} 4. Nc3 {[%clk 00:55:02]} {[%emt 00:00:10]} e6
{[%clk 00:55:06]} {[%emt 00:00:07]} 5. e3 {[%clk 00:54:57]} {[%emt 00:00:10]}
Bb4 {[%clk 00:54:54]} {[%emt 00:00:17]} 6. Bd2 {[%clk 00:54:52]} {[%emt
00:00:10]} Nf6 {[%clk 00:50:35]} {[%emt 00:04:24]} 7. a3 {[%clk 00:54:32]}
{[%emt 00:00:24]} Ba5 {[%clk 00:50:32]} {[%emt 00:00:08]} 8. b4 {[%clk
00:53:18]} {[%emt 00:01:19]} Bc7 {[%clk 00:50:30]} {[%emt 00:00:06]} 9. Bc1
{[%clk 00:52:57]} {[%emt 00:00:27]} Nbd7 {[%clk 00:50:22]} {[%emt 00:00:14]}
10. Bb2 {[%clk 00:52:51]} {[%emt 00:00:11]} O-O {[%clk 00:50:03]} {[%emt
00:00:24]} 11. Bd3 {[%clk 00:52:34]} {[%emt 00:00:22]} Bg6 {[%clk 00:49:52]}
{[%emt 00:00:16]} 12. O-O {[%clk 00:52:14]} {[%emt 00:00:25]} e5 {[%clk
00:47:15]} {[%emt 00:02:42]} 13. dxe5 {[%clk 00:52:08]} {[%emt 00:00:10]} Bxe5
{[%clk 00:46:25]} {[%emt 00:00:55]} 14. Bxg6 {[%clk 00:48:22]} {[%emt
00:03:51]} fxg6 {[%clk 00:46:10]} {[%emt 00:00:20]} 15. Nxe5 {[%clk 00:48:10]}
{[%emt 00:00:18]} Nxe5 {[%clk 00:46:04]} {[%emt 00:00:11]} 16. cxd5 {[%clk
00:47:54]} {[%emt 00:00:22]} cxd5 {[%clk 00:45:24]} {[%emt 00:00:45]} 17. Nxd5
{[%clk 00:43:35]} {[%emt 00:04:23]} Nf3+ {[%clk 00:42:33]} {[%emt 00:02:56]}
18. Qxf3 {[%clk 00:41:33]} {[%emt 00:02:06]} Nxd5 {[%clk 00:42:31]} {[%emt
00:00:08]} 19. Qd1 {[%clk 00:41:08]} {[%emt 00:00:30]} Qg5 {[%clk 00:38:22]}
{[%emt 00:04:14]} 20. Qd4 {[%clk 00:40:43]} {[%emt 00:00:29]} Nf6 {[%clk
00:38:09]} {[%emt 00:00:20]} 21. Rad1 {[%clk 00:38:46]} {[%emt 00:02:02]} Kh8
{[%clk 00:36:01]} {[%emt 00:02:12]} 22. Qe5 {[%clk 00:38:33]} {[%emt 00:00:19]}
Qh4 {[%clk 00:34:41]} {[%emt 00:01:26]} 23. Rd4 {[%clk 00:31:55]} {[%emt
00:06:42]} Qh6 {[%clk 00:32:28]} {[%emt 00:02:17]} 24. Qf4 {[%clk 00:28:34]}
{[%emt 00:03:27]} Qh5 {[%clk 00:30:40]} {[%emt 00:01:52]} 25. Qh4 {[%clk
00:28:16]} {[%emt 00:00:24]} Qf5 {[%clk 00:29:57]} {[%emt 00:00:48]} 26. Rf4
{[%clk 00:26:54]} {[%emt 00:01:28]} Qd5 {[%clk 00:29:08]} {[%emt 00:00:54]} 27.
Bxf6 {[%clk 00:26:36]} {[%emt 00:00:22]} gxf6 {[%clk 00:29:01]} {[%emt
00:00:13]} 28. Rxf6 {[%clk 00:26:01]} {[%emt 00:00:41]} Rxf6 {[%clk 00:28:44]}
{[%emt 00:00:21]} 29. Qxf6+ {[%clk 00:25:57]} {[%emt 00:00:09]} Kg8 {[%clk
00:28:44]} {[%emt 00:00:06]} 30. h3 {[%clk 00:25:03]} {[%emt 00:00:59]} Rf8
{[%clk 00:28:23]} {[%emt 00:00:25]} 31. Qc3 {[%clk 00:23:43]} {[%emt 00:01:25]}
Rf5 {[%clk 00:27:58]} {[%emt 00:00:30]} 32. Rc1 {[%clk 00:23:09]} {[%emt
00:00:39]} Rg5 {[%clk 00:27:24]} {[%emt 00:00:39]} 33. g3 {[%clk 00:20:57]}
{[%emt 00:02:18]} Qf3 {[%clk 00:26:45]} {[%emt 00:00:43]} 34. Qc8+ {[%clk
00:20:28]} {[%emt 00:00:35]} Kg7 {[%clk 00:26:38]} {[%emt 00:00:12]} 35. Qc7+
{[%clk 00:19:55]} {[%emt 00:00:38]} Kh6 {[%clk 00:26:01]} {[%emt 00:00:42]} 36.
Qf4 {[%clk 00:19:26]} {[%emt 00:00:33]} Qd5 {[%clk 00:24:49]} {[%emt 00:01:19]}
37. h4 {[%clk 00:19:09]} {[%emt 00:00:23]} 1-0

[Event "Deutscher Mix-Teampokal U12 2025"]
[Site "Bad Homburg GER"]
[Date "2025.07.19"]
[Round "3"]
[White "Satheesh, Dharshini"]
[Black "Nikonenko, Tymofii"]
[Result "1/2-1/2"]
[Termination "normal"]
[Board "2.3"]
[WhiteElo "1608"]
[BlackElo "1518"]
[WhiteClock "00:00:09"]
[BlackClock "00:22:59"]
[WhiteTeam "Düsseldorfer SK 14/25"]
[BlackTeam "SV Oberursel"]
[PlyCount "86"]
[WhiteFideId "34655441"]
[BlackFideId "34166246"]
[EventCountry "GER"]
[EventRounds "5"]
[EventType "team-swiss"]
[EventDate "2025.07.18"]

1. e4 {[%clk 00:55:09]} e5 {[%clk 00:55:06]} {[%emt 00:00:04]} 2. Nf3 {[%clk
00:55:10]} {[%emt 00:00:04]} Nc6 {[%clk 00:55:08]} {[%emt 00:00:04]} 3. Bb5
{[%clk 00:55:09]} {[%emt 00:00:05]} Bc5 {[%clk 00:54:57]} {[%emt 00:00:16]} 4.
d3 {[%clk 00:54:17]} {[%emt 00:00:57]} h6 {[%clk 00:54:21]} {[%emt 00:00:42]}
5. Be3 {[%clk 00:52:58]} {[%emt 00:01:22]} Bb6 {[%clk 00:54:17]} {[%emt
00:00:09]} 6. Nc3 {[%clk 00:49:31]} {[%emt 00:03:33]} d6 {[%clk 00:53:57]}
{[%emt 00:00:25]} 7. h3 {[%clk 00:49:19]} {[%emt 00:00:17]} Bd7 {[%clk
00:53:17]} {[%emt 00:00:45]} 8. Qd2 {[%clk 00:47:42]} {[%emt 00:01:41]} Nge7
{[%clk 00:52:17]} {[%emt 00:01:06]} 9. a3 {[%clk 00:43:56]} {[%emt 00:03:51]}
Nd4 {[%clk 00:50:18]} {[%emt 00:02:04]} 10. Bxd7+ {[%clk 00:41:58]} {[%emt
00:02:03]} Qxd7 {[%clk 00:50:12]} {[%emt 00:00:11]} 11. O-O-O {[%clk 00:37:11]}
{[%emt 00:04:52]} Nxf3 {[%clk 00:49:21]} {[%emt 00:00:56]} 12. gxf3 {[%clk
00:36:59]} {[%emt 00:00:16]} c5 {[%clk 00:48:49]} {[%emt 00:00:36]} 13. f4
{[%clk 00:35:14]} {[%emt 00:01:51]} exf4 {[%clk 00:48:11]} {[%emt 00:00:44]}
14. Bxf4 {[%clk 00:35:11]} {[%emt 00:00:08]} Ng6 {[%clk 00:48:00]} {[%emt
00:00:16]} 15. Bg3 {[%clk 00:34:18]} {[%emt 00:00:57]} O-O {[%clk 00:45:45]}
{[%emt 00:02:20]} 16. Nd5 {[%clk 00:31:11]} {[%emt 00:03:12]} Bc7 {[%clk
00:45:32]} {[%emt 00:00:16]} 17. h4 {[%clk 00:25:27]} {[%emt 00:05:51]} Ne5
{[%clk 00:44:57]} {[%emt 00:00:40]} 18. Bf4 {[%clk 00:21:42]} {[%emt 00:03:50]}
Bd8 {[%clk 00:39:22]} {[%emt 00:05:40]} 19. Qe3 {[%clk 00:20:12]} {[%emt
00:01:35]} Kh7 {[%clk 00:38:56]} {[%emt 00:00:31]} 20. Qg3 {[%clk 00:18:46]}
{[%emt 00:01:31]} Ng6 {[%clk 00:38:01]} {[%emt 00:01:00]} 21. Bxd6 {[%clk
00:13:49]} {[%emt 00:05:03]} Ne7 {[%clk 00:34:47]} {[%emt 00:03:19]} 22. Bxc5
{[%clk 00:11:08]} {[%emt 00:02:46]} Rg8 {[%clk 00:33:59]} {[%emt 00:00:53]} 23.
Nxe7 {[%clk 00:10:51]} {[%emt 00:00:22]} Bxe7 {[%clk 00:33:54]} {[%emt
00:00:10]} 24. Bxe7 {[%clk 00:10:52]} {[%emt 00:00:04]} Qxe7 {[%clk 00:33:54]}
{[%emt 00:00:05]} 25. Kb1 {[%clk 00:09:38]} {[%emt 00:01:18]} Rac8 {[%clk
00:33:41]} {[%emt 00:00:18]} 26. Qe3 {[%clk 00:09:08]} {[%emt 00:00:36]} Qc7
{[%clk 00:32:18]} {[%emt 00:01:28]} 27. Rd2 {[%clk 00:08:11]} {[%emt 00:01:01]}
Qa5 {[%clk 00:32:10]} {[%emt 00:00:13]} 28. Re2 {[%clk 00:06:33]} {[%emt
00:01:44]} Rge8 {[%clk 00:30:07]} {[%emt 00:02:07]} 29. Qd2 {[%clk 00:06:29]}
{[%emt 00:00:09]} Qc5 {[%clk 00:29:31]} {[%emt 00:00:41]} 30. Qb4 {[%clk
00:05:27]} {[%emt 00:01:07]} Qc6 {[%clk 00:29:26]} {[%emt 00:00:10]} 31. Qd4
{[%clk 00:04:32]} {[%emt 00:01:00]} f5 {[%clk 00:29:14]} {[%emt 00:00:17]} 32.
Rg1 {[%clk 00:03:56]} {[%emt 00:00:42]} Rc7 {[%clk 00:28:58]} {[%emt 00:00:21]}
33. e5 {[%clk 00:03:10]} {[%emt 00:00:52]} Rd7 {[%clk 00:27:37]} {[%emt
00:01:26]} 34. Qf4 {[%clk 00:02:13]} {[%emt 00:01:02]} Rf7 {[%clk 00:26:50]}
{[%emt 00:00:51]} 35. Rge1 {[%clk 00:02:06]} {[%emt 00:00:12]} Qe6 {[%clk
00:25:58]} {[%emt 00:00:56]} 36. Qc4 {[%clk 00:01:31]} {[%emt 00:00:40]} Qxc4
{[%clk 00:25:16]} {[%emt 00:00:48]} 37. dxc4 {[%clk 00:01:34]} {[%emt
00:00:02]} Re6 {[%clk 00:25:11]} {[%emt 00:00:10]} 38. b3 {[%clk 00:01:31]}
{[%emt 00:00:08]} Rd7 {[%clk 00:24:53]} {[%emt 00:00:23]} 39. Kc1 {[%clk
00:01:27]} {[%emt 00:00:09]} Rd4 {[%clk 00:24:01]} {[%emt 00:00:57]} 40. Rh1
{[%clk 00:00:54]} {[%emt 00:00:39]} Re4 {[%clk 00:23:03]} {[%emt 00:01:03]} 41.
Rxe4 {[%clk 00:00:44]} {[%emt 00:00:15]} fxe4 {[%clk 00:23:04]} {[%emt
00:00:05]} 42. Re1 {[%clk 00:00:22]} {[%emt 00:00:26]} Rxe5 {[%clk 00:22:59]}
{[%emt 00:00:10]} 43. f3 {[%clk 00:00:09]} {[%emt 00:00:19]} e3 {[%clk
00:22:59]} {[%emt 00:00:05]} 1/2-1/2

[Event "Deutscher Mix-Teampokal U12 2025"]
[Site "Bad Homburg GER"]
[Date "2025.07.19"]
[Round "3"]
[White "Lachenmaier, Alica"]
[Black "Shkabara, Roman"]
[Result "1-0"]
[Termination "normal"]
[Board "3.1"]
[WhiteElo "1250"]
[BlackElo "1387"]
[WhiteClock "00:49:15"]
[BlackClock "00:24:31"]
[WhiteTeam "SC Garching 1980"]
[BlackTeam "OSC Rheinhausen 04"]
[PlyCount "53"]
[WhiteFideId "533025932"]
[BlackFideId "533050724"]
[EventCountry "GER"]
[EventRounds "5"]
[EventType "team-swiss"]
[EventDate "2025.07.18"]

1. c4 {[%clk 00:54:52]} {[%emt 00:00:16]} e5 {[%clk 00:55:01]} {[%emt
00:00:10]} 2. Nc3 {[%clk 00:54:33]} {[%emt 00:00:23]} Nf6 {[%clk 00:54:54]}
{[%emt 00:00:13]} 3. g3 {[%clk 00:54:02]} {[%emt 00:00:36]} Nc6 {[%clk
00:54:12]} {[%emt 00:00:48]} 4. Bg2 {[%clk 00:53:05]} {[%emt 00:01:02]} Bc5
{[%clk 00:53:19]} {[%emt 00:00:58]} 5. e3 {[%clk 00:52:05]} {[%emt 00:01:05]}
d6 {[%clk 00:52:51]} {[%emt 00:00:32]} 6. Nge2 {[%clk 00:52:03]} {[%emt
00:00:06]} Be6 {[%clk 00:50:43]} {[%emt 00:02:15]} 7. d4 {[%clk 00:52:01]}
{[%emt 00:00:07]} exd4 {[%clk 00:50:03]} {[%emt 00:00:45]} 8. exd4 {[%clk
00:52:00]} {[%emt 00:00:05]} Bb4 {[%clk 00:36:58]} {[%emt 00:13:10]} 9. d5
{[%emt 00:01:26]} Bxd5 {[%clk 00:35:51]} {[%emt 00:00:02]} 10. cxd5 {[%clk
00:51:41]} {[%emt 00:00:14]} Ne7 {[%clk 00:35:24]} {[%emt 00:00:31]} 11. O-O
{[%clk 00:51:33]} {[%emt 00:00:13]} h6 {[%clk 00:35:12]} {[%emt 00:00:17]} 12.
a3 {[%clk 00:51:27]} {[%emt 00:00:11]} Ba5 {[%clk 00:34:35]} {[%emt 00:00:42]}
13. b4 {[%clk 00:51:26]} {[%emt 00:00:06]} Bb6 {[%clk 00:34:31]} {[%emt
00:00:09]} 14. Re1 {[%clk 00:51:24]} {[%emt 00:00:07]} O-O {[%clk 00:34:10]}
{[%emt 00:00:26]} 15. a4 {[%clk 00:50:55]} {[%emt 00:00:33]} a6 {[%clk
00:33:55]} {[%emt 00:00:21]} 16. a5 {[%emt 00:00:31]} Ba7 {[%emt 00:00:26]} 17.
Nf4 {[%emt 00:04:15]} Re8 {[%emt 00:00:26]} 18. Bb2 {[%emt 00:01:27]} b6 {[%clk
00:28:23]} 19. Ne4 {[%clk 00:49:28]} {[%emt 00:00:27]} Nxe4 {[%clk 00:27:34]}
20. Rxe4 {[%clk 00:49:23]} {[%emt 00:01:05]} bxa5 {[%clk 00:27:15]} 21. Qg4
{[%clk 00:49:15]} {[%emt 00:00:35]} g5 {[%clk 00:24:31]} 22. Nh5 {[%clk
00:49:15]} f5 {[%clk 00:24:31]} 23. Nf6+ {[%clk 00:49:15]} Kf8 {[%clk
00:24:31]} 24. Qh5 {[%clk 00:49:15]} fxe4 {[%clk 00:24:31]} 25. Nxe8 {[%clk
00:49:15]} Qxe8 {[%clk 00:24:31]} 26. Qxh6+ {[%clk 00:49:15]} Kf7 {[%clk
00:24:31]} 27. Qg7# {[%clk 00:49:15]} 1-0

[Event "Deutscher Mix-Teampokal U12 2025"]
[Site "Bad Homburg GER"]
[Date "2025.07.19"]
[Round "3"]
[White "Feldhaus, Lena"]
[Black "Feuchtinger, Leopold"]
[Result "1-0"]
[Termination "normal"]
[Board "3.2"]
[WhiteElo "1474"]
[BlackElo "1176"]
[WhiteClock "00:17:42"]
[BlackClock "00:32:42"]
[WhiteTeam "OSC Rheinhausen 04"]
[BlackTeam "SC Garching 1980"]
[PlyCount "75"]
[WhiteFideId "34642684"]
[BlackFideId "533027617"]
[EventCountry "GER"]
[EventRounds "5"]
[EventType "team-swiss"]
[EventDate "2025.07.18"]

1. e4 {[%clk 00:55:07]} {[%emt 00:00:02]} c5 {[%clk 00:54:40]} {[%emt
00:00:29]} 2. Nf3 {[%clk 00:55:04]} {[%emt 00:00:09]} Nc6 {[%clk 00:53:59]}
{[%emt 00:00:47]} 3. Bb5 {[%clk 00:54:35]} {[%emt 00:00:33]} d6 {[%clk
00:53:46]} {[%emt 00:00:19]} 4. c3 {[%clk 00:54:01]} {[%emt 00:00:38]} e5
{[%clk 00:53:32]} {[%emt 00:00:18]} 5. d4 {[%clk 00:53:42]} {[%emt 00:00:26]}
a6 {[%clk 00:52:52]} {[%emt 00:00:45]} 6. Bxc6+ {[%clk 00:53:20]} {[%emt
00:00:25]} bxc6 {[%clk 00:52:42]} {[%emt 00:00:16]} 7. d5 {[%clk 00:52:56]}
{[%emt 00:00:29]} cxd5 {[%clk 00:52:24]} {[%emt 00:00:23]} 8. exd5 {[%clk
00:52:53]} {[%emt 00:00:09]} Bg4 {[%clk 00:51:54]} {[%emt 00:00:34]} 9. h3
{[%clk 00:52:08]} {[%emt 00:00:51]} Bh5 {[%clk 00:51:51]} {[%emt 00:00:07]} 10.
Qd3 {[%clk 00:51:20]} {[%emt 00:00:51]} Bg6 {[%clk 00:51:32]} {[%emt 00:00:26]}
11. Qe3 {[%clk 00:47:06]} {[%emt 00:04:17]} Nf6 {[%clk 00:51:26]} {[%emt
00:00:13]} 12. Nbd2 {[%clk 00:46:07]} {[%emt 00:01:05]} Be7 {[%clk 00:51:14]}
{[%emt 00:00:16]} 13. c4 {[%clk 00:45:32]} {[%emt 00:00:40]} O-O {[%clk
00:49:11]} {[%emt 00:02:08]} 14. b3 {[%clk 00:43:57]} {[%emt 00:01:40]} Nd7
{[%clk 00:47:32]} {[%emt 00:01:43]} 15. Bb2 {[%clk 00:42:01]} {[%emt 00:02:02]}
Re8 {[%clk 00:46:56]} {[%emt 00:00:40]} 16. O-O {[%clk 00:40:31]} {[%emt
00:01:36]} Bf6 {[%clk 00:45:25]} {[%emt 00:01:35]} 17. Qe1 {[%clk 00:39:18]}
{[%emt 00:01:19]} e4 {[%clk 00:43:39]} {[%emt 00:01:51]} 18. Bxf6 {[%clk
00:38:56]} {[%emt 00:00:27]} Qxf6 {[%clk 00:43:15]} {[%emt 00:00:28]} 19. Nh2
{[%clk 00:38:07]} {[%emt 00:00:55]} Bf5 {[%clk 00:42:52]} {[%emt 00:00:28]} 20.
Qe2 {[%clk 00:36:54]} {[%emt 00:01:18]} Qg5 {[%clk 00:42:38]} {[%emt 00:00:17]}
21. Qe3 {[%clk 00:31:23]} {[%emt 00:05:38]} Qg6 {[%clk 00:41:48]} {[%emt
00:00:55]} 22. Qg3 {[%clk 00:30:41]} {[%emt 00:00:47]} Qh6 {[%clk 00:41:27]}
{[%emt 00:00:26]} 23. Qe3 {[%clk 00:29:17]} {[%emt 00:01:29]} Qg6 {[%clk
00:41:20]} {[%emt 00:00:12]} 24. Rfe1 {[%clk 00:28:42]} {[%emt 00:00:40]} a5
{[%clk 00:41:02]} {[%emt 00:00:23]} 25. Re2 {[%clk 00:27:21]} {[%emt 00:01:26]}
a4 {[%clk 00:40:16]} {[%emt 00:00:50]} 26. Rae1 {[%clk 00:26:55]} {[%emt
00:00:32]} Re7 {[%clk 00:39:04]} {[%emt 00:01:18]} 27. f3 {[%clk 00:25:53]}
{[%emt 00:01:07]} Nf6 {[%clk 00:38:20]} {[%emt 00:00:48]} 28. Ng4 {[%clk
00:24:37]} {[%emt 00:01:21]} Bxg4 {[%clk 00:37:45]} {[%emt 00:00:40]} 29. fxg4
{[%clk 00:23:26]} {[%emt 00:01:16]} axb3 {[%clk 00:37:34]} {[%emt 00:00:16]}
30. axb3 {[%clk 00:23:24]} {[%emt 00:00:07]} Rae8 {[%clk 00:37:13]} {[%emt
00:00:25]} 31. g5 {[%clk 00:22:33]} {[%emt 00:00:57]} Nd7 {[%clk 00:36:47]}
{[%emt 00:00:30]} 32. Qf4 {[%clk 00:19:45]} {[%emt 00:02:52]} Re5 {[%clk
00:35:16]} {[%emt 00:01:37]} 33. Rxe4 {[%clk 00:18:50]} {[%emt 00:01:01]} Rxe4
{[%clk 00:34:53]} {[%emt 00:00:28]} 34. Rxe4 {[%clk 00:18:43]} {[%emt
00:00:12]} Rxe4 {[%clk 00:34:42]} {[%emt 00:00:16]} 35. Nxe4 {[%clk 00:18:25]}
{[%emt 00:00:23]} Ne5 {[%clk 00:34:10]} {[%emt 00:00:37]} 36. Nxc5 {[%clk
00:17:59]} {[%emt 00:00:32]} Nxc4 {[%clk 00:32:53]} {[%emt 00:01:22]} 37. bxc4
{[%clk 00:17:47]} {[%emt 00:00:16]} dxc5 {[%clk 00:32:42]} {[%emt 00:00:15]}
38. Qb8# {[%clk 00:17:42]} {[%emt 00:00:11]} 1-0